Quizzes
Events
Quiz Creation
Community
Videos
Private Events
Remove Ads
Sign In
Join for FREE
Feedback
Dark Mode
Quiz Categories
Sports
Geography
Music
Movies
Television
Just For Fun
Miscellaneous
History
Literature
Language
Science
Gaming
Entertainment
Religion
Holiday
For Kids
Quiz Lab
Recent
Popular Today
Quiz Kudos Today
Editor Picks
Curator Picks
Quizzes by...
Day
Popularity
Type
Ratings
Length
Year
Community
Subscriptions
Recent Discussions
Orange Saloon
Badges
Playlists
Quests
Create
Leaderboards
Showdown
Live 5
Trivia Bingo
Activity
Puzzle Library
Sporcle Events
Private Events
Virtual Trivia
Globe League
Become a Host
Pub Owners
SporcleCon
Opinionation
Our Games
Videos
Blog
Mobile Apps
Partnerships
Remove Ads and Go Orange
Feedback
Sports
Athletes
MLB
NBA
NHL
NFL
Soccer
Sports Teams
WWE
NCAA
Football
Premier League
Basketball
Baseball
Hockey
Golf
Tennis
Cricket
Rugby
Auto Racing
Olympics
World Cup
Sports
Athletes
MLB
NBA
NHL
NFL
Soccer
Sports Teams
WWE
NCAA
Football
Premier League
Basketball
Baseball
Hockey
Golf
Tennis
Cricket
Rugby
Auto Racing
Olympics
World Cup
Random Quiz
Search Sporcle
×
Quiz Lab
Quiz Lab
Sports
Munster
Type in answers that appear in a list
Type in answers that appear in a list
Classic
Best Score? Go Orange.
Munster Hurling Clubs Stats
Can you name the Munster Hurling Clubs?
By
Delmonte
10m
18 Questions
468 Plays
468 Plays
468 Plays
Comments
Comments
Give Quiz Kudos
Give Quiz Kudos
-
- Ratings
hide this ad
More Info
Forced Order
Answers have to be entered in order
Answers have to be entered in order
Replay
Link that replays current quiz
Next Quiz
Link to next quiz in quiz playlist
You Got
0%
They Got
Avg Score
38%
Avg Friend Score
Upgrade to see
Score Distribution
Jump to the score distribution portion of the page
Score
0/18
Timer
10:00
0
Plays Today
Titles (county)
% Correct
35 (Waterford)
Mount Sion GAA
83.3%
30 (Tipperary)
Thurles Sarsfields GAA
75%
32 (Cork)
Blackrock GAA
74.1%
25 (Cork)
Glen Rovers GAA
69%
25 (Cork)
St. Finbarr's GAA
56%
22 (Tipperary)
Toomevara GAA
49.1%
19 (Limerick)
Ahane GAA
41.7%
18 (Limerick)
Patrickswell GAA
39.5%
11 (Waterford)
Ballygunner GAA
37.4%
Titles (county)
% Correct
10 (Clare)
Sixmilebridge GAA
29.9%
22 (Clare)
Newmarket-on-Fergus GAA
24.1%
21 (Kerry)
Ballyduff GAA
23.9%
11 (Clare)
Clarecastle GAA
23.1%
22 (Kerry)
Kilmoyley GAA
22.9%
12 (Tipperary)
Moycarkey-Borris GAA
15.4%
13 (Waterford)
Erin's Own GAA
7.9%
10 (Limerick)
Claughaun GAA
7.9%
11 (Tipperary)
Boherlahan-Dualla GAA
7.5%
Quiz Playlist
Details
Report
Send in Message
Add To Playlist
More Info:
Can you name the Munster hurling clubs who have won at least 10 senior county titles
Classic:
Type in answers that appear in a list
Forced Order:
Answers have to be entered in order
Last Updated: Feb 16, 2017
Quiz Scoreboard
CHALLENGE
Sign Up to Join the Scoreboard
Show All
Scores
Hide
Comments
May contain spoilers
Recently Published
Movies - When Are They Set?
by FPL_Elf
Movies
5m
Popular People in 1961
by mucciniale
History
6m
1-10 Letter E Words III
by El_Dandy
Language
2m
More to Explore
Quiz From the Vault
Featured Blog Post
Where Did the Easter Bunny Come From?
hide this ad
You Might Also Like...
Tags
club
counties
Hurling
Munster
Today's Top Quizzes in Sports
Browse Sports
hide this ad
Today's Top Quizzes in Munster
Browse Munster
Top Contributed Quizzes in Sports
1
Les meilleurs buteurs des matchs entre le PSG et l’OM
2
2022 World Cup Stars
3
FIFA Club World Cup Champions
4
Les entraîneurs de l'OM et du PSG au 21e siècle
5
Name the Premier League winners with different clubs
6
La finale Lions - Afrique du Sud 2021
7
Criteria MLB: Left Handed Sluggers
8
Les joueurs passés par le LOSC et le RC Lens
9
Players with Multiple 50 Home Run Seasons
10
MLB Players with Two .350 Batting Average Seasons
Explore More
Trending Topics
Marvel
NBA
Harry Potter
Anime
Crossword
Kpop
Disney
Pokémon
Puzzle
Song
WWE
Soccer
NFL
The Office
Country
hide this ad
More By:
Delmonte
Quiz
Plays
Rating
Category
Featured
Created
Munster Hurling Clubs
468
5.00
Sports
Aug 14, 2010
1995 All-Ireland Hurling Final Teams
321
5.00
Sports
Aug 15, 2010
1999 All-Ireland Hurling Final Teams
290
5.00
Sports
Aug 15, 2010
Hurling All-Ireland medalists
151
Sports
Aug 14, 2010
Nightclubs in Cork City
119
Miscellaneous
Aug 20, 2010
Go to Creator's Profile
Score Distribution
Quiz Creator Spotlight
Delmonte
Follow
Send a Message
Quizzes Created
-
Created Quiz Play Count
-
More By This Creator
Popular Quizzes Today
1
Find the Countries of Europe - No Outlines Minefield
2
Find the US States - No Outlines Minefield
3
The Countries of the World
4
Popular People in 1961
5
US States
6
1-10 Letter E Words III
7
Find the US States
8
One Thing in Common: World Cities II
More Sports Quizzes
World Cup Final Balls
Curator's Pick
Trending Quizzes
Risky Map Clicking: Least Populous States A-Z
1-10 Letter F Words
1-10 Letter G Words
One Thing in Common: United Kingdom
Risky Map Clicking: Next State Alphabetically
Recently Updated
Leaping Animals
pecheneg
Reality TV Shows (A-Z)
bhenderson79
Rickey Henderson's Hall of Fame Teammates
pecheneg
Champions League XIs: Arsenal
pecheneg
Quick Pick: Celebrities in WWE's Hall of Fame
aduchscher
A-Z Keypad Blitz II
pecheneg
Multiple Oscar Actors
pecheneg
Mystery Phrase Blitz: Oscar 'Best Actors'
pecheneg
F. Scott Fitzgerald Novels
LTH
Pick 3 Villains
ddd62291
Trending Topics
NBA
Harry Potter
Crossword
Marvel
Anime
Disney
Kpop
Pokémon
Puzzle
Song
Country
NFL
WWE
Soccer
The Office
Your Account Isn't Verified!
In order to create a playlist on Sporcle, you need to verify the email address you used during registration. Go to your
Sporcle Settings
to finish the process.
Report this User
Report this user for behavior that violates our
Community Guidelines
.
Details:
Send Report
Go to the Sporcle.com Mobile Site →
Comments